00457cam a22001452 4500001001100000005001700011008004100028020001300069040001500082245007400097260004100171310001100212500004800223650004000271000000906320151217161140.0080806s xx 000 0 eng d cDonation aKABUcKABU10aKenya telephone directories :bofficiail Nairobi telephone directory. aNairobi :bKenya Postel Directories. aAnnual aLibrary has: 2005, 2006, 2007, 2008, 2010. 0aTelephonevDirectories.@0000160019